000 00952cab a2200325 4500
001 ABS43492
008 090401t1990 xxu||||| |||| 00| 0 eng d
035 _a(Sirsi) u42024
041 _aeng
245 _aFocus on Hertfordshire centres
260 _c1990
350 _a0
490 _aEstates Gazette
_v(9042) 20 October 1990, 69-125(21)
520 _aSurvey of commercial, industrial and retail property in the major towns of Hertfordshire covering planning , agents views and business parks .
650 _aB1
650 _aBISHOPS STORFORD
650 _aBOREHAMWOOD
650 _aHEMEL HEMPSTEAD
650 _aPOTTERS BAR
650 _aRICKMANSWORTH
650 _aST ALBANS
650 _aSTEVENAGE
650 _aSTRUCTURE PLAN
650 _aWALTHAM CROSS
650 _aWATFORD
650 _aWELWYN GARDEN CITY
690 _aPROPERTY-COMMERCIAL PROPERTY-COMMERCIAL PROPERTY MARKET
942 _n0
948 _c04/03/1997
999 _c26994
_d26994